000 00279nam a22001337a 4500
008 170519b xxu||||| |||| 00| 0 eng d
020 _a9781857885347
041 _aeng
080 _a94
100 _a16
101 _aSHH
245 _aFUTURE FILES
_cWATSON,R
942 _2udc
_cBK
999 _c13493
_d13493